[Event "Santiago Endesa Norm"]
[Site "Santiago de Chile"]
[Date "2009.09.28"]
[Round "4"]
[White "Diaz Villagran, Robert"]
[Black "Barrera Meza, Carlos"]
[Result "1-0"]
[WhiteElo "2281"]
[BlackElo "2201"]
[PlyCount "103"]
[EventDate "2009.09.21"]
[EventType "tourn"]
[EventRounds "9"]
[EventCountry "CHI"]
[SourceTitle "EXT 2012"]
[Source "ChessBase"]
[SourceDate "2011.11.24"]
[SourceVersion "1"]
[SourceVersionDate "2011.11.24"]
[SourceQuality "1"]

1. e4 Nc6 2. Nf3 e5 3. Bc4 Bc5 4. d3 d6 5. c3 Qe7 6. 0-0 Nf6 7. Bb3 Bg4 8. Qe2 0-0 9. h3 Bh5 10. Nbd2 Nd8 11. Re1 Ne6 12. Nf1 Nf4 13. Bxf4 exf4 14. N1h2 Nd7 15. d4 Bb6 16. Qd2 g5 17. e5 dxe5 18. Nxe5 Qd8 19. h4 h6 20. Nxd7 Qxd7 21. hxg5 hxg5 22. Re5 Qd8 23. g4 Bg6 24. Nf3 Kg7 25. Rxg5 Qf6 26. Bc2 c6 27. Bxg6 fxg6 28. Re5 Bc7 29. Re4 Rae8 30. Rae1 Rxe4 31. Rxe4 Rh8 32. Qe2 Kf7 33. Re6 Qd8 34. Qe4 Rg8 35. g5 Rg7 36. Rf6+ Kg8 37. Rxg6 Qd7 38. Rxg7+ Kxg7 39. Kf1 Bd6 40. Ke2 c5 41. Kd2 Qb5 42. b3 Qa6 43. a4 Qf1 44. Qxb7+ Kg6 45. Qe4+ Kg7 46. Qe1 Qg2 47. Qe2 cxd4 48. Nxd4 f3 49. Qxf3 Qxg5+ 50. Kd3 Kg8 51. Nf5 Bf8 52. Qg3 1-0

[Event "American Continental 06th"]
[Site "Sao Paulo"]
[Date "2009.07.29"]
[Round "6"]
[White "Barrera Meza, Carlos"]
[Black "Chin Li, Victor Hva"]
[Result "1-0"]
[WhiteElo "2177"]
[BlackElo "2034"]
[PlyCount "95"]
[EventDate "2009.07.25"]
[EventType "swiss"]
[EventRounds "11"]
[EventCountry "BRA"]
[SourceTitle "EXT 2022"]
[Source "ChessBase"]
[SourceDate "2021.10.06"]
[SourceVersion "1"]
[SourceVersionDate "2021.10.06"]
[SourceQuality "1"]

1. e4 e6 2. d3 d5 3. Nd2 Nf6 4. Ngf3 c5 5. g3 Nc6 6. Bg2 Be7 7. 0-0 0-0 8. e5 Nd7 9. Re1 Qc7 10. Qe2 b5 11. Nf1 Ba6 12. h4 Nd4 13. Nxd4 cxd4 14. Bf4 Rfc8 15. Qg4 Kh8 16. Re2 Qd8 17. Nh2 Rc6 18. Nf3 Bc5 19. Ng5 Qg8 20. Qh5 Rf8 21. Bh3 f5 22. exf6 Nxf6 23. Qf3 Bc8 24. Rae1 Re8 25. Be5 Rf8 26. Bf4 Re8 27. Qg2 Bb4 28. Rc1 Bd7 29. Nf3 Rec8 30. Nxd4 Ra6 31. a3 Bc5 32. Nb3 Bf8 33. Nd4 Bc5 34. Nb3 Bf8 35. Rce1 b4 36. axb4 Bxb4 37. c3 Bf8 38. Nd4 Re8 39. Be5 Qf7 40. Qf3 Rb6 41. g4 Qg6 42. Kh1 Bc5 43. g5 Bxd4 44. Bxd4 e5 45. Bxb6 e4 46. Bxd7 Nxd7 47. Bd4 Rf8 48. Qg4 1-0

[Event "American Continental 06th"]
[Site "Sao Paulo"]
[Date "2009.07.27"]
[Round "4"]
[White "Barrera Meza, Carlos"]
[Black "Oliveira, Silvio Eduardo"]
[Result "0-1"]
[WhiteElo "2177"]
[BlackElo "2357"]
[PlyCount "56"]
[EventDate "2009.07.25"]
[EventType "swiss"]
[EventRounds "11"]
[EventCountry "BRA"]
[SourceTitle "CBM 132 Extra"]
[Source "ChessBase"]
[SourceDate "2009.11.03"]
[SourceVersion "1"]
[SourceVersionDate "2009.11.03"]
[SourceQuality "1"]

1. e4 c5 2. Nf3 Nc6 3. d4 cxd4 4. Nxd4 e6 5. Nb5 d6 6. Bf4 e5 7. Be3 a6 8. N5c3 Nf6 9. Bg5 Be7 10. Bxf6 Bxf6 11. Nd2 Be6 12. Nc4 Nd4 13. Nd5 Bxd5 14. exd5 0-0 15. c3 Nf5 16. Bd3 Ne7 17. a4 Rc8 18. 0-0 e4 19. Be2 Bg5 20. a5 Ng6 21. g3 f5 22. f4 exf3 23. Rxf3 f4 24. Qb3 fxg3 25. hxg3 Qe7 26. Kf1 Qe4 27. Nxd6 Rxf3+ 28. Ke1 Rf1+ 0-1

[Event "Santiago Endesa 12"]
[Site "Santiago de Chile"]
[Date "2009.07.13"]
[Round "6"]
[White "Gonzalez Alvarez, Jose"]
[Black "Barrera Meza, Carlos"]
[Result "0-1"]
[WhiteElo "2089"]
[BlackElo "2177"]
[PlyCount "60"]
[EventDate "2009.07.01"]
[EventType "tourn"]
[EventRounds "11"]
[EventCountry "CHI"]
[SourceTitle "EXT 2012"]
[Source "ChessBase"]
[SourceDate "2011.11.24"]
[SourceVersion "1"]
[SourceVersionDate "2011.11.24"]
[SourceQuality "1"]

1. c4 Nf6 2. Nc3 g6 3. d4 Bg7 4. Bg5 c5 5. e3 Qa5 6. Qd2 cxd4 7. exd4 Nc6 8. Nf3 e6 9. Be2 0-0 10. 0-0 d5 11. c5 b6 12. Bxf6 Bxf6 13. Qf4 Bg7 14. cxb6 Qxb6 15. Rfd1 Qxb2 16. Qe3 Nxd4 17. Nxd4 e5 18. Nxd5 exd4 19. Qd3 Re8 20. Bf3 Bf5 21. Qc4 Rac8 22. Qf1 Bc2 23. Rd2 d3 24. Rad1 Qd4 25. Re1 Bh6 26. Ne3 Rxe3 27. fxe3 Bxe3+ 28. Rxe3 Qxe3+ 29. Qf2 Qe5 30. Qf1 Rb8 0-1

[Event "Santiago Endesa 12"]
[Site "Santiago de Chile"]
[Date "2009.07.10"]
[Round "5"]
[White "Barrera Meza, Carlos"]
[Black "Cortes Moyano, Julio"]
[Result "0-1"]
[WhiteElo "2177"]
[BlackElo "2195"]
[PlyCount "63"]
[EventDate "2009.07.01"]
[EventType "tourn"]
[EventRounds "11"]
[EventCountry "CHI"]
[SourceTitle "EXT 2012"]
[Source "ChessBase"]
[SourceDate "2011.11.24"]
[SourceVersion "1"]
[SourceVersionDate "2011.11.24"]
[SourceQuality "1"]

1. e4 c6 2. d3 d5 3. Nd2 e5 4. Ngf3 Bd6 5. d4 exd4 6. exd5 cxd5 7. Nxd4 Nc6 8. N2f3 Nge7 9. Be2 Bg4 10. h3 Bh5 11. 0-0 Qd7 12. c3 0-0 13. Bg5 Rfe8 14. Re1 h6 15. Be3 Rad8 16. Qd2 Nf5 17. Nxf5 Qxf5 18. Nd4 Nxd4 19. Bxd4 Bxe2 20. Rxe2 Bf4 21. Qe1 Re4 22. f3 Rxe2 23. Qxe2 Rd6 24. g4 Re6 25. Qd1 Qg5 26. Bf2 Bb8 27. Qd4 Be5 28. Qa4 b5 29. h4 Qf6 30. Qd1 Qf4 31. Kf1 Qh2 32. Be3 0-1

[Event "Santiago Endesa Classification"]
[Site "Santiago de Chile"]
[Date "2008.10.03"]
[Round "6"]
[White "Cuevas Araya, Walter"]
[Black "Barrera Meza, Carlos"]
[Result "1-0"]
[WhiteElo "2211"]
[BlackElo "2226"]
[PlyCount "91"]
[EventDate "2008.09.24"]
[EventType "swiss"]
[EventRounds "9"]
[EventCountry "CHI"]
[SourceTitle "EXT 2012"]
[Source "ChessBase"]
[SourceDate "2011.11.24"]
[SourceVersion "1"]
[SourceVersionDate "2011.11.24"]
[SourceQuality "1"]

1. d4 Nf6 2. Bg5 e6 3. Nf3 c5 4. e3 h6 5. Bh4 Qb6 6. Qc1 g5 7. Bg3 Ne4 8. Be5 f6 9. Bd3 fxe5 10. Bxe4 cxd4 11. Bg6+ Kd8 12. exd4 exd4 13. 0-0 Nc6 14. Nbd2 Be7 15. c3 Rg8 16. Qc2 dxc3 17. bxc3 Qc7 18. Nb3 Bf6 19. Rad1 Ke7 20. Bh7 Rg7 21. Rfe1 b6 22. Be4 Bb7 23. Nfd4 Nxd4 24. Nxd4 Bxd4 25. Rxd4 Bxe4 26. Qxe4 Qc6 27. Rxd7+ Qxd7 28. Qxa8 Rf7 29. Qe4 Rf6 30. Qh7+ Ke8 31. Qg8+ Ke7 32. Qg7+ Rf7 33. Qxh6 Qd5 34. h4 g4 35. a3 Qf5 36. Qe3 Rh7 37. Qg3 Kf6 38. Qd6 Qd5 39. Qf8+ Rf7 40. Qh6+ Ke7 41. Qe3 Rh7 42. c4 Qf5 43. Qg3 Kf6 44. Qd6 Rf7 45. Qd4+ Kg6 46. Re5 1-0

[Event "Santiago Endesa Classification"]
[Site "Santiago de Chile"]
[Date "2008.09.29"]
[Round "4"]
[White "Hernandez Riera, Jose de Jesus"]
[Black "Barrera Meza, Carlos"]
[Result "1-0"]
[WhiteElo "2263"]
[BlackElo "2226"]
[PlyCount "85"]
[EventDate "2008.09.24"]
[EventType "swiss"]
[EventRounds "9"]
[EventCountry "CHI"]
[SourceTitle "EXT 2012"]
[Source "ChessBase"]
[SourceDate "2011.11.24"]
[SourceVersion "1"]
[SourceVersionDate "2011.11.24"]
[SourceQuality "1"]

1. Nf3 Nf6 2. c4 d6 3. g3 g6 4. Bg2 Bg7 5. 0-0 0-0 6. d4 Nc6 7. Nc3 Bg4 8. h3 Bxf3 9. Bxf3 Nd7 10. Bxc6 bxc6 11. e4 c5 12. Be3 cxd4 13. Bxd4 Ne5 14. f4 c5 15. Bxe5 dxe5 16. f5 e6 17. Qxd8 Rfxd8 18. fxe6 fxe6 19. Rad1 Bh6 20. Nb5 Be3+ 21. Kg2 Rxd1 22. Rxd1 Rf8 23. Rd3 Bd4 24. Rf3 Bxb2 25. Rxf8+ Kxf8 26. Nxa7 Ke8 27. Nb5 Kd7 28. Kf3 Kc6 29. Ke2 Bd4 30. g4 h5 31. gxh5 gxh5 32. Kf3 Kb6 33. Kg3 Ka5 34. Kh4 Kb4 35. Nd6 Ka3 36. Kxh5 Kxa2 37. Kg5 Be3+ 38. Kf6 Bf4 39. Kxe6 Kb3 40. Kd5 Kb4 41. h4 Bg3 42. h5 Bf4 43. Nf7 1-0

[Event "Santiago Endesa 15"]
[Site "Santiago de Chile"]
[Date "2008.09.03"]
[Round "8"]
[White "Ferreira Millavud, Marcelo"]
[Black "Barrera Meza, Carlos"]
[Result "0-1"]
[WhiteElo "1851"]
[BlackElo "2153"]
[PlyCount "32"]
[EventDate "2008.08.18"]
[EventType "tourn"]
[EventRounds "11"]
[EventCountry "CHI"]
[SourceTitle "EXT 2012"]
[Source "ChessBase"]
[SourceDate "2011.11.24"]
[SourceVersion "1"]
[SourceVersionDate "2011.11.24"]
[SourceQuality "1"]

1. d4 Nf6 2. c4 c5 3. d5 Ne4 4. Nf3 g6 5. Qc2 Qa5+ 6. Nbd2 Nd6 7. e4 Bg7 8. e5 Nf5 9. Bd3 d6 10. exd6 exd6 11. 0-0 0-0 12. Ne4 Na6 13. Rd1 Nb4 14. Qb3 Nxd3 15. Rxd3 Nd4 16. Nxd4 Qe1# 0-1

[Event "Santiago Endesa 03"]
[Site "Santiago de Chile"]
[Date "2008.04.16"]
[Round "4"]
[White "Barrera Meza, Carlos"]
[Black "Pineda Polanco, Adolfo"]
[Result "0-1"]
[WhiteElo "2153"]
[BlackElo "2300"]
[PlyCount "117"]
[EventDate "2008.04.07"]
[EventType "tourn"]
[EventRounds "9"]
[EventCountry "CHI"]
[SourceTitle "EXT 2012"]
[Source "ChessBase"]
[SourceDate "2011.11.24"]
[SourceVersion "1"]
[SourceVersionDate "2011.11.24"]
[SourceQuality "1"]

1. e4 c5 2. Nf3 Nc6 3. d4 cxd4 4. Nxd4 g6 5. Bc4 Bg7 6. Be3 Nf6 7. Nc3 Qa5 8. 0-0 0-0 9. Bb3 d6 10. f3 Bd7 11. Qd2 Rfc8 12. Rad1 Ne5 13. Bg5 Nc4 14. Bxc4 Rxc4 15. Nb3 Qb6+ 16. Kh1 Be6 17. Nd5 Nxd5 18. exd5 Bf5 19. c3 Ra4 20. Nc1 Qc7 21. g4 Bc8 22. Rfe1 f6 23. Bf4 Rc4 24. Re2 g5 25. Bg3 b5 26. Rde1 Bf8 27. Bf2 Bb7 28. Kg2 Rc8 29. Bxa7 b4 30. Be3 e5 31. cxb4 Qf7 32. Qd3 Bxd5 33. Kf2 e4 34. fxe4 Bxe4 35. Qb3 Bd5 36. Qd1 Rxg4 37. Rg1 Rxb4 38. b3 Rh4 39. Ke1 Bf3 40. Qd2 Bxe2 41. Qxe2 Re4 42. Kd2 Qd5+ 43. Nd3 Qa5+ 44. Kd1 Rce8 45. Rg3 Qa7 46. Bxa7 Rxe2 47. a4 Rxh2 48. a5 Ree2 49. Bd4 Ra2 50. b4 Be7 51. Re3 Kf7 52. Kc1 f5 53. Kb1 f4 54. Rf3 Bf6 55. Rf2 Rhxf2 56. Bxf2 Rd2 57. a6 Rxd3 58. Bb6 Ra3 59. Ba5 0-1

[Event "Santiago Endesa Clasification"]
[Site "Santiago de Chile"]
[Date "2007.08.31"]
[Round "8"]
[White "Barrera Meza, Carlos"]
[Black "Diaz, Robert"]
[Result "0-1"]
[WhiteElo "2292"]
[BlackElo "2319"]
[PlyCount "104"]
[EventDate "2007.08.13"]
[EventType "swiss"]
[EventRounds "9"]
[EventCountry "CHI"]
[SourceTitle "EXT 2008"]
[Source "ChessBase"]
[SourceDate "2007.11.25"]
[SourceVersion "1"]
[SourceVersionDate "2007.11.25"]
[SourceQuality "1"]

1. e4 e6 2. d3 d5 3. Nd2 Nf6 4. Ngf3 Nc6 5. Be2 Be7 6. c3 0-0 7. 0-0 e5 8. Re1 Re8 9. Qc2 Bf8 10. b4 a6 11. a3 Bg4 12. h3 Bh5 13. Nf1 d4 14. g4 Bg6 15. cxd4 Nxd4 16. Nxd4 Qxd4 17. Be3 Qd6 18. Rac1 c6 19. f3 a5 20. Bc5 Qd8 21. Red1 axb4 22. axb4 Bxc5+ 23. Qxc5 Nd7 24. Qe3 Qh4 25. Qf2 Qe7 26. d4 exd4 27. Rxd4 f6 28. Ne3 Nf8 29. b5 Qe5 30. Nc4 Qf4 31. Rcd1 Ne6 32. R4d2 Ng5 33. Kg2 Nf7 34. bxc6 bxc6 35. Qg3 Qxg3+ 36. Kxg3 Red8 37. Kf4 h5 38. Rd7 h4 39. Rc7 Ng5 40. Rxc6 Rxd1 41. Bxd1 Ra1 42. Bb3 Re1 43. Ne5+ Kh7 44. Bg8+ Kh6 45. Nf7+ Bxf7 46. Bxf7 g6 47. Rxf6 Nxh3+ 48. Ke5 Kg7 49. Bxg6 Ra1 50. Bf7 Ra5+ 51. Bd5 Ng5 52. Kf4 Kxf6 0-1

[Event "Santiago Endesa 09"]
[Site "Santiago de Chile"]
[Date "2007.07.??"]
[Round "5"]
[White "Barrera Meza, Carlos"]
[Black "Carmona Rosales, Jose Luis"]
[Result "1-0"]
[WhiteElo "2292"]
[BlackElo "2192"]
[PlyCount "93"]
[EventDate "2007.07.??"]
[EventType "tourn"]
[EventRounds "9"]
[EventCountry "CHI"]
[SourceTitle "EXT 2008"]
[Source "ChessBase"]
[SourceDate "2007.11.25"]
[SourceVersion "1"]
[SourceVersionDate "2007.11.25"]
[SourceQuality "1"]

1. e4 e5 2. Nf3 Nc6 3. Bb5 f5 4. d4 fxe4 5. Nxe5 Nxe5 6. dxe5 c6 7. Nc3 Bb4 8. Bc4 Qh4 9. Qe2 d5 10. exd6 Nf6 11. g3 Qh3 12. Bg5 Be6 13. Bxf6 gxf6 14. Qxe4 Bxc3+ 15. bxc3 Kd7 16. Bxe6+ Qxe6 17. Qxe6+ Kxe6 18. 0-0-0 Kd7 19. Rd3 Rhe8 20. Rhd1 Re2 21. Rf3 Rf8 22. c4 c5 23. Kb2 Re6 24. Rd5 b6 25. Ra3 a5 26. Rb3 Kc6 27. d7 Rd8 28. Rbd3 Kc7 29. f4 Re7 30. Kb3 Re2 31. h3 Re6 32. h4 Re4 33. Rd6 b5 34. R3d5 Rxc4 35. Rxf6 a4+ 36. Kb2 b4 37. Rfd6 h5 38. Rd3 Re4 39. a3 c4 40. R3d4 bxa3+ 41. Kxa3 Re3+ 42. Kxa4 Rxg3 43. Kb4 c3 44. Kc5 Rg7 45. Rc6+ Kb7 46. Rb4+ Ka7 47. Rc7+ 1-0

[Event "Santiago Endesa 09"]
[Site "Santiago de Chile"]
[Date "2007.07.??"]
[Round "4"]
[White "Jorquera Cahuin, Marcelo Joaquin"]
[Black "Barrera Meza, Carlos"]
[Result "1/2-1/2"]
[WhiteElo "2296"]
[BlackElo "2292"]
[PlyCount "80"]
[EventDate "2007.07.??"]
[EventType "tourn"]
[EventRounds "9"]
[EventCountry "CHI"]
[SourceTitle "EXT 2008"]
[Source "ChessBase"]
[SourceDate "2007.11.25"]
[SourceVersion "1"]
[SourceVersionDate "2007.11.25"]
[SourceQuality "1"]

1. e4 c5 2. Nf3 d6 3. Bc4 Nc6 4. 0-0 Nf6 5. d3 a6 6. a3 Bg4 7. Nbd2 e6 8. h3 Bh5 9. Re1 Be7 10. Ba2 0-0 11. Nf1 b5 12. Ng3 Bg6 13. Nh4 d5 14. Nxg6 hxg6 15. c3 dxe4 16. Nxe4 Nxe4 17. Rxe4 Bf6 18. Be3 Qd6 19. b4 cxb4 20. axb4 Rfd8 21. d4 a5 22. bxa5 Rxa5 23. Bb3 Rxa1 24. Qxa1 b4 25. cxb4 Qxb4 26. Qa4 Qc3 27. Qc4 Qe1+ 28. Qf1 Qxf1+ 29. Kxf1 Bxd4 30. Ba4 Bxe3 31. Bxc6 Rc8 32. Rc4 Bb6 33. Ke2 Kf8 34. Rc2 Ke7 35. Be4 Rd8 36. Rb2 Bd4 37. Rb7+ Kf6 38. h4 Rh8 39. g3 Rc8 40. Rd7 Bb6 1/2-1/2